UBT Library

The Comedy of Dante Alighieri... (Record no. 39793)

000 -LEADER
fixed length control field 00463nam a2200193u 4500
001 - CONTROL NUMBER
control field 6261023
005 - DATE AND TIME OF LATEST TRANSACTION
control field 20180105050725.0
008 - FIXED-LENGTH DATA ELEMENTS--GENERAL INFORMATION
fixed length control field 820120m19349999xx 000 0 eng
010 ## - LIBRARY OF CONGRESS CONTROL NUMBER
LC control number unk81054508
040 ## - CATALOGING SOURCE
Original cataloging agency DLC
Transcribing agency CarP
Modifying agency DLC
041 ## - LANGUAGE CODE
Language code of text/sound track or separate title eng
080 ## - UNIVERSAL DECIMAL CLASSIFICATION NUMBER
Universal Decimal Classification number 698.1 HEN
082 ## - DEWEY DECIMAL CLASSIFICATION NUMBER
Edition number 698.1 HEN
100 ## - Rafti
Rafti 44
101 ## - Shkurtesa
Shkurtesa ART
245 04 - TITLE STATEMENT
Title The Comedy of Dante Alighieri...
906 ## - LOCAL DATA ELEMENT F, LDF (RLIN)
a 0
b cbc
c premunv
d u
e ncip
f 19
g y-gencatlg
942 ## - ADDED ENTRY ELEMENTS (KOHA)
Source of classification or shelving scheme
Item type Books
Holdings
Withdrawn status Lost status Source of classification or shelving scheme Damaged status Not for loan Collection code Permanent location Current location Shelving location Date acquired Total Checkouts Full call number Barcode Date last seen Price effective from Koha item type
          Koleksioni i përgjithshem UBT - Lipjan UBT - Lipjan Koleksioni i përgjithshem 01/05/2018   698.1 HEN 002-2994727 01/05/2018 01/05/2018 Books
UBT Library © 2015-2024. All rights reserved University Education for Business and Technology